European Countries Further South than Tunisia - Statistics

General Stats
  • This quiz has been taken 266 times
  • The average score is 7 of 8
Answer Stats
Country % Correct
Spain
97%
Italy
95%
Portugal
92%
Greece
91%
France
89%
Malta
87%
Turkey
77%
Netherlands
39%
No matching quizzes found
Score Distribution
Percent of People with Each Score
Percentile by Number Answered
Your Score History
You have not taken this quiz